| 000 -LEADER |
| fixed length control field |
02069cam a2200445 a 4500 |
| 001 - CONTROL NUMBER |
| control field |
14264401 |
| 003 - CONTROL NUMBER IDENTIFIER |
| control field |
NUST |
| 005 - DATE AND TIME OF LATEST TRANSACTION |
| control field |
20201005150115.0 |
| 008 - FIXED-LENGTH DATA ELEMENTS--GENERAL INFORMATION |
| fixed length control field |
060214m20059999pk ab be 000 0 urdo |
| 010 ## - LIBRARY OF CONGRESS CONTROL NUMBER |
| LC control number |
2005332165 |
| 020 ## - INTERNATIONAL STANDARD BOOK NUMBER |
| International Standard Book Number |
9695033792 (v. 2) |
| 025 ## - OVERSEAS ACQUISITION NUMBER |
| Overseas acquisition number |
P-U-2005332165 ; 01 |
| 038 ## - RECORD CONTENT LICENSOR |
| Staff Name |
shaban |
| 040 ## - CATALOGING SOURCE |
| Original cataloging agency |
DLC |
| Transcribing agency |
DLC |
| Modifying agency |
DLC |
| 042 ## - AUTHENTICATION CODE |
| Authentication code |
lcode |
| -- |
pcc |
| 043 ## - GEOGRAPHIC AREA CODE |
| Geographic area code |
a-pk--- |
| 050 00 - LIBRARY OF CONGRESS CALL NUMBER |
| Classification number |
GR303 |
| Item number |
.P285 2005 |
| 082 ## - DEWEY DECIMAL CLASSIFICATION NUMBER |
| Classification number |
954.915 |
| Author Mark |
PAK |
| 245 00 - TITLE STATEMENT |
| Title |
Pākistān kā s̲aqāfatī insaʼīklopīdiyā Balochistan / |
| Statement of responsibility, etc. |
[Aegzekṭiv aiḍītar, ʻUksī Muftī ...[et al.]]. |
| 246 14 - VARYING FORM OF TITLE |
| Title proper/short title |
Pakistan encyclopedia of folklore |
| 260 ## - PUBLICATION, DISTRIBUTION, ETC. |
| Place of publication, distribution, etc. |
Islamābād : |
| Name of publisher, distributor, etc. |
Lok Virsa ; |
| Place of publication, distribution, etc. |
Lahore : |
| Name of publisher, distributor, etc. |
al-Faisal, |
| Date of publication, distribution, etc. |
2005 |
| 300 ## - PHYSICAL DESCRIPTION |
| Extent |
v 2: |
| Other physical details |
ill. (chiefly col.), map ; |
| Dimensions |
29 cm. |
| 500 ## - GENERAL NOTE |
| General note |
"A joint venture of Lok Virsa, Islamabad and al-Faisal Nashran, Lahore, in five volumes, NWFP, Sindhi, Baluchistan, Punjab and Karakorum Region"--T.p. verso. |
| 504 ## - BIBLIOGRAPHY, ETC. NOTE |
| Bibliography, etc. note |
Includes bibliographical references. |
| 505 1# - FORMATTED CONTENTS NOTE |
| Formatted contents note |
Jil. 1. Shamālī ʻalāqah jāt : silsilah-yi Qarāquram, Himāliyah, Hindukush -- jild. 2. Sarḥad (En. Ḍabliyū. Ef. Pī.) -- jild. 3. Ṣūbah Balūcistān -- jild. 4. Punjāb -- jild. 5. Sindh |
| 520 ## - SUMMARY, ETC. |
| Summary, etc. |
Cultural encyclopedia of Pakistan. |
| 546 ## - LANGUAGE NOTE |
| Language note |
In Urdu. |
| 650 #0 - SUBJECT ADDED ENTRY--TOPICAL TERM |
| Topical term or geographic name entry element |
Folklore |
| Geographic subdivision |
Pakistan |
| Form subdivision |
Encyclopedias. |
| 9 (RLIN) |
5330 |
| 651 #0 - SUBJECT ADDED ENTRY--GEOGRAPHIC NAME |
| Geographic name |
Pakistan |
| General subdivision |
Social life and customs |
| Form subdivision |
Encyclopedias. |
| 9 (RLIN) |
5331 |
| 700 1# - ADDED ENTRY--PERSONAL NAME |
| Personal name |
Mufti, Uxi. |
| 9 (RLIN) |
5332 |
| 710 2# - ADDED ENTRY--CORPORATE NAME |
| Corporate name or jurisdiction name as entry element |
National Institute of Folk Heritage (Pakistan) |
| 9 (RLIN) |
5333 |
| 880 ## - ALTERNATE GRAPHIC REPRESENTATION |
| Linkage |
245-02\(3\r |
| Title |
پاکستان کا ثقافتی انسائیکلوپیڈیا: |
| b |
بلوچستان |
| 880 ## - ALTERNATE GRAPHIC REPRESENTATION |
| Linkage |
265-03\(3\r |
| Title |
لاہور: |
| b |
الفیصل، |
| c |
2005 |
| 906 ## - LOCAL DATA ELEMENT F, LDF (RLIN) |
| a |
7 |
| b |
cbc |
| c |
origode |
| d |
2 |
| e |
ncip |
| f |
20 |
| g |
y-gencatlg |
| 942 ## - ADDED ENTRY ELEMENTS (KOHA) |
| Source of classification or shelving scheme |
|
| Koha item type |
Reference |